| 000 | 00923nam a2200241 i 4500 | ||
|---|---|---|---|
| 001 | 156590 | ||
| 003 | ES-MaACL | ||
| 005 | 20251003194505.0 | ||
| 008 | 010925m18351858gw |||| | latxd | ||
| 040 |
_aCAM _bspa _cCAM |
||
| 080 | _a013=411.21 | ||
| 100 | 1 |
_aKâtip Çelebi ( _d1609-1657) _9163182 |
|
| 245 | 1 | 0 |
_aLexicon bibliographicum et encyclopaedicum / _ca Mustafa ben Abdallah Katib Jelebi dicto et nomine Haji Khalfa celebrato compositum ... ; instruxit Gustavus Fluegel. |
| 260 |
_aLeipzig ; _aLondon : _bRichard Bentley, _c1835-1858 ( _eLondon : _fJ.L. Cox and Son) |
||
| 300 |
_a7 v. ; _c28 cm. |
||
| 650 | 4 |
_aLiteratura árabe- _vBibliografías. _9136438 |
|
| 650 | 4 |
_aLibros árabes- _vBibliografías. _9163183 |
|
| 655 | 7 |
_2tgfbne _9226825 _aBibliografías |
|
| 700 | 1 |
_aFlügel, Gustav, _d1802-1870 _9163184 |
|
| 852 |
_aES-MaACL _jB-3846-52 _z-- Enc. hol. |
||
| 942 | _2udc | ||
| 999 |
_c156590 _d156590 |
||